00872 a2200169 45000010006000000050017000060080041000230030015000640400040000790800077001192450025001962640047002213000027002685050360002951000027006557000020006823030020260407155615.0260407a1958 arg spa dAR-UNSa-BCEJYS aAR-UNSa-BCEJYSbspacAR-UNSa-BCEJYS a657.633xDetalles técnicos de la auditoría. Comprobaciones internas 10aCurso de auditoría 1aBuenos Aires :bSelección Contablec1958 a2v(239; 238p.)c23 cm. a1. Fundamentos de la auditoría - 2. Organización de los servicios profesionales de auditoría contable - 3. El período de introducción a los servicios de auditoría - 4. Plan de auditoría - 5. Papeles de trabajo en una auditoría - 6. La técnica general del examen de los registros y documentos - 7. Examen de los libros y fichas contables 1 aLópes de Sa, Antonio1 aHerrada, Manuel